000
00285nam a2200121Ia 4500
008
190216s9999||||xx |||||||||||||| ||und||
100
_a
Abdulla T
245
0
_a
Banking Theory And Practice
250
_a
1st Ed.
260
_b
Moohim Publicaion
_c
1980
650
_a
Economics
942
_c
BK
999
_c
9667
_d
9667